Sports Quiz

Random Sports or NBA Quiz

Big 4 Worst of the Decade (1990s) Quiz Stats

 Plays Quiz Updated Feb 8, 2016

Challenge
Share
Tweet
Embed
Score 0/40 Timer 04:00
14 Plays Today
League Team % Correct
NHLJets/Coyotes
75.7%
NFLNew York Jets
74.6%
NFLArizona Cardinals
63.6%
MLBChicago Cubs
63.6%
MLBSt. Louis Cardinals
63.4%
NFLCincinnati Bengals
59.5%
NHLEdmonton Oilers
58.6%
NBALos Angeles Clippers
58.3%
NFLSt. Louis Rams
57.9%
NFLTampa Bay Buccaneers
57.1%
NBASacramento Kings
56.7%
NHLLos Angeles Kings
56.7%
NFLSeattle Seahawks
53.1%
NFLNew England Patriots
52.3%
MLBKansas City Royals
52.2%
NBABrooklyn|New Jersey Nets
51.4%
NFLIndianapolis Colts
51.3%
NFLNew Orleans Saints
50.7%
NFLAtlanta Falcons
47.4%
MLBDetroit Tigers
46.2%
League Team % Correct
MLBSan Diego Padres
46.2%
MLBMinnesota Twins
44.5%
MLBPhiladelphia Phillies
44.5%
MLBSeattle Mariners
43.5%
NBAPhiladelphia 76ers
42.8%
MLBMilwaukee Brewers
42.5%
NBADallas Mavericks
41.5%
NBAMilwaukee Bucks
41.5%
NBAGolden State Warriors
40.2%
NHLNew York Islanders
39.7%
NBAMinnesota Timberwolves
37.8%
MLBCalifornia/Anaheim Angels
36.9%
NHLToronto Maple Leafs
36.8%
NHLCalgary Flames
33.1%
NHLVancouver Canucks
33%
NBAWashington Bullets/Wizards
32.8%
NBADenver Nuggets
30.7%
NHLWhalers/Hurricanes
24.3%
NHLAvalanche/Nordiques
23.8%
NHLBuffalo Sabres
22.1%

You're not logged in!

Compare scores with friends on all Sporcle quizzes.
Join for Free
OR
Log In

You Might Also Like...

Show Comments

Extras

Top Quizzes Today


Score Distribution

Your Account Isn't Verified!

In order to create a playlist on Sporcle, you need to verify the email address you used during registration. Go to your Sporcle Settings to finish the process.

Report this User

Report this user for behavior that violates our Community Guidelines.

Details: